| 000 | 00514nam a2200181 i 4500 | ||
|---|---|---|---|
| 001 | 28570 | ||
| 003 | ES-MaACL | ||
| 005 | 20251002202542.0 | ||
| 007 | t| | ||
| 008 | 030117s1939 ag |||| |dspa d | ||
| 100 | 0 |
_aAzorín, _d1873-1967 _924326 |
|
| 245 | 1 | 0 |
_aEn torno a José Hernández / _cAzorín. |
| 260 |
_aBuenos Aires : _bSudamericana, _c[1939] ( _fMercatali) |
||
| 300 |
_a125 p. ; _c18 cm. |
||
| 600 | 1 | 7 |
_aHernández, José, _d1834-1886 _2 _9168607 |
| 852 |
_aES-MaACL _jF-15821 |
||
| 999 |
_c28570 _d28570 |
||